000 00472nam a2200181Ia 4500
001 16110
005 20260306170245.0
008 260306t2005||||xx |||||||||||||| ||und||
041 _aESP
082 _a346.61
_bC34 T.1
100 _aCastillo Freyre, Mario
_eAUT
245 0 _aTratado de los contratos típicos:
_bel contrato de suministro, el contrato de donación
260 _c2005
300 _a
_c
650 _aGEN
654 _aCDE
942 _cLIB
_dJUS
_fJUS
_2ddc
_n
999 _c16110
_d16110